000 00702nam a2200265Ia 4500
003 OSt
005 20220912151228.0
006 a|||||r|||| 00| 0
007 ta
008 220909b |||||||| |||| 00| 0 eng d
024 _a60153
037 _cTextual
040 _aCSL
_beng
_cCSL
041 _aeng
082 _aA0bW, L7
100 _aHaas Ernst B
245 0 _aScientists and world order
260 _aBerkeley
_bUniversity of California Press
_c1977
300 _avii, 368p.
_ccm.
650 _aScience
700 _a Babai Don
700 _a Williams Mary pat
942 _hA0bW, L7
_cTEXL
_2CC
999 _c64053
_d64053